Управление качеством: учебное пособие

Bibliographische Detailangaben
1. Verfasser: Магер В. Е.
Zusammenfassung:Излагаются вопросы, связанные с концептуальным обоснованием необходимости применении управления качеством в организациях любых сфер деятельности. Приводятся сведения о развитии подходов и философии всеобщего управления качеством, лежащих в основе совершенствования организаций. Большое внимание уделяется человеческому фактору, играющему приоритетную роль в повышении качества деятельности организаций. Особое место отводится вопросам мотивации. Приводятся конкретные рекомендации и примеры, иллюстрирующие процесс внедрения методик управления качеством в организации. Для студентов вузов, обучающихся по управленческим специальностям, атакже для широкого круга читателей, интересующихся вопросами улучшения деятельности организаций.
Sprache:Russisch
Veröffentlicht: Москва, Инфра-М, 2015
Schriftenreihe:Высшее образование
Schlagworte:
Format: MixedMaterials Buch
KOHA link:https://koha.lib.tpu.ru/cgi-bin/koha/opac-detail.pl?biblionumber=267946

MARC

LEADER 00000nam0a2200000 4500
001 267946
005 20231101234125.0
010 |a 9785160047645 
035 |a (RuTPU)RU\TPU\book\291059 
090 |a 267946 
100 |a 20140822d2015 m y0rusy50 ca 
101 0 |a rus 
102 |a RU 
105 |a a j 001zy 
200 1 |a Управление качеством  |e учебное пособие  |f В. Е. Магер 
210 |a Москва  |c Инфра-М  |d 2015 
215 |a 176 с.  |c ил. 
225 1 |a Высшее образование 
320 |a Библиогр.: с. 174. 
330 |a Излагаются вопросы, связанные с концептуальным обоснованием необходимости применении управления качеством в организациях любых сфер деятельности. Приводятся сведения о развитии подходов и философии всеобщего управления качеством, лежащих в основе совершенствования организаций. Большое внимание уделяется человеческому фактору, играющему приоритетную роль в повышении качества деятельности организаций. Особое место отводится вопросам мотивации. Приводятся конкретные рекомендации и примеры, иллюстрирующие процесс внедрения методик управления качеством в организации. Для студентов вузов, обучающихся по управленческим специальностям, атакже для широкого круга читателей, интересующихся вопросами улучшения деятельности организаций. 
606 1 |a Качество продукции  |x Управление  |2 stltpush  |3 (RuTPU)RU\TPU\subj\14180  |9 40640 
610 1 |a экономика 
610 1 |a управление 
610 1 |a качество 
610 1 |a история 
610 1 |a продукция 
610 1 |a конкуренция 
610 1 |a философия 
610 1 |a СССР 
610 1 |a инжиниринг 
610 1 |a мотивация 
610 1 |a управленческие решения 
610 1 |a менеджмент качества 
610 1 |a учебные пособия 
675 |a 658.562(075.8)  |v 3 
700 1 |a Магер  |b В. Е. 
801 1 |a RU  |b 63413507  |c 20140822 
801 2 |a RU  |b 63413507  |c 20150717  |g RCR 
900 |a Управление качеством 
942 |c BK 
951 |b 220100  |l 8 
959 |a 89/20140527  |d 2  |e 179,90  |f ЧЗТЛ:1  |f АНЛ:1